Joy Again - Looking out for you - Statistics

General Stats
  • This quiz has been taken 38 times
    6 since last reset
  • The average score is 188 of 211
Answer Stats
Answer % Correct
a
100%
about
100%
all
100%
always
100%
at
100%
be
100%
beaming
100%
but
100%
do
100%
feel
100%
for
100%
girl
100%
glancing
100%
guess
100%
guilty
100%
her
100%
him,
100%
him
100%
I
100%
"I
100%
I'm
100%
in
100%
Instead
100%
is
100%
It's
100%
it's
100%
just
100%
know
100%
leaving
100%
like
100%
liking
100%
looking
100%
love
100%
makes
100%
me
100%
my
100%
never
100%
no
100%
of
100%
on,
100%
on
100%
out
100%
She's
100%
shoes?
100%
should
100%
shy
100%
smile,
100%
Something
100%
song
100%
staring
100%
start
100%
stop
100%
stupid,
100%
tell
100%
that
100%
the
100%
there
100%
This
100%
to
100%
too
100%
up
100%
way
100%
When
100%
when
100%
while
100%
who
100%
will
100%
with
100%
you
100%
you're
100%
And
67%
and
67%
back
67%
Before
67%
go"
67%
have
67%
hope
67%
inside
67%
much
67%
our
67%
ourselves
67%
own
67%
pretty
67%
say,
67%
snow,
67%
talking
67%
throat,
67%
we
67%
we're
67%
a-wastin'
33%
'bout
33%
choked
33%
Come
33%
dear,
33%
else
33%
get
33%
got
33%
lives
33%
normal
33%
old
33%
return
33%
same
33%
situation,
33%
someone
33%
think
33%
time's
33%
waiting
33%
walking
33%
you've
33%
No matching quizzes found
Score Distribution
Percent of People with Each Score
Percentile by Number Answered
Your Score History
You have not taken this quiz since the last reset